[Event "MESRRK"]
[Site "?"]
[Date "2018.05.26"]
[Round "3.2"]
[White "Paseka, Matyas"]
[Black "Paluska, Karol"]
[Result "1-0"]
[BlackElo "1431"]
[WhiteElo "1651"]
[LiveChessVersion "1.4.8"]

1. e4 {[%clk 0:20:17]} c6 {[%clk 0:20:20]} 2. d4 {[%clk 0:20:26]} d5
{[%clk 0:20:29]} 3. exd5 {[%clk 0:20:32]} cxd5 {[%clk 0:20:36]} 4. c4
{[%clk 0:20:40]} Nf6 {[%clk 0:20:41]} 5. Nf3 {[%clk 0:20:29]} Bg4
{[%clk 0:20:27]} 6. Be3 {[%clk 0:19:35]} e6 {[%clk 0:20:18]} 7. c5
{[%clk 0:19:29]} Nc6 {[%clk 0:20:19]} 8. Nc3 {[%clk 0:19:03]} Ne4
{[%clk 0:17:11]} 9. Be2 {[%clk 0:16:55]} Nxc3 {[%clk 0:16:43]} 10. bxc3
{[%clk 0:17:02]} Be7 {[%clk 0:16:47]} 11. Rb1 {[%clk 0:16:36]} Qc7
{[%clk 0:16:12]} 12. Qb3 {[%clk 0:16:06]} Rb8 {[%clk 0:15:46]} 13. O-O
{[%clk 0:15:34]} O-O {[%clk 0:15:55]} 14. h3 {[%clk 0:14:16]} Bf5
{[%clk 0:16:01]} 15. Rbc1 {[%clk 0:12:24]} Na5 {[%clk 0:13:29]} 16. Qa4
{[%clk 0:11:26]} Nc6 {[%clk 0:12:04]} 17. Bb5 {[%clk 0:11:17]} a6
{[%clk 0:10:16]} 18. Bxc6 {[%clk 0:10:56]} Qxc6 {[%clk 0:10:25]} 19. Qxc6
{[%clk 0:10:49]} bxc6 {[%clk 0:10:32]} 20. Ne5 {[%clk 0:10:57]} Rfc8
{[%clk 0:09:42]} 21. g4 {[%clk 0:09:53]} Bg6 {[%clk 0:08:13]} 22. Nxg6
{[%clk 0:09:52]} hxg6 {[%clk 0:08:19]} 23. Rb1 {[%clk 0:10:00]} Rb5
{[%clk 0:08:11]} 24. Rb4 {[%clk 0:07:48]} Rcb8 {[%clk 0:06:52]} 25. Rfb1
{[%clk 0:07:55]} g5 {[%clk 0:05:54]} 26. a4 {[%clk 0:07:34]} Rxb4
{[%clk 0:06:00]} 27. cxb4 {[%clk 0:07:35]} f6 {[%clk 0:03:10]} 28. f4
{[%clk 0:07:39]} gxf4 {[%clk 0:02:01]} 29. Bxf4 Rb7 30. Kf2 {[%clk 0:04:56]} g5
{[%clk 0:02:07]} 31. Bd2 {[%clk 0:04:17]} e5 {[%clk 0:00:54]} 32. Ke3
{[%clk 0:04:19]} exd4+ {[%clk 0:00:58]} 33. Kxd4 {[%clk 0:04:28]} Kf7
{[%clk 0:01:07]} 34. b5 {[%clk 0:03:26]} cxb5 {[%clk 0:01:11]} 35. c6
{[%clk 0:03:16]} Rc7 {[%clk 0:00:55]} 36. axb5 {[%clk 0:03:12]} axb5
{[%clk 0:00:57]} 37. Kxd5 {[%clk 0:03:20]} Rc8 {[%clk 0:00:21]} 38. Ba5
{[%clk 0:03:21]} Ra8 {[%clk 0:00:20]} 39. c7 {[%clk 0:02:57]} Rxa5
{[%clk 0:00:16]} 40. c8=Q {[%clk 0:03:03]} b4+ {[%clk 0:00:24]} 41. Kd4
{[%clk 0:02:43]} Ra2 {[%clk 0:00:16]} 42. Qc4+ {[%clk 0:02:49]} 1-0

[Event "MESRRK"]
[Site "?"]
[Date "2018.05.26"]
[Round "3.3"]
[White "Boba, Dominik"]
[Black "Salgovic, Simon"]
[Result "1/2-1/2"]
[BlackElo "1643"]
[WhiteElo "1430"]
[LiveChessVersion "1.4.8"]

1. d4 {[%clk 0:20:16]} Nf6 {[%clk 0:20:18]} 2. c4 {[%clk 0:20:24]} g6
{[%clk 0:20:27]} 3. Nc3 {[%clk 0:20:33]} Bg7 {[%clk 0:20:36]} 4. e3
{[%clk 0:20:41]} d6 {[%clk 0:20:44]} 5. Nf3 {[%clk 0:20:43]} O-O {[%clk 0:20:48]}
6. Be2 {[%clk 0:20:22]} c5 {[%clk 0:19:33]} 7. O-O {[%clk 0:19:15]} Nc6
{[%clk 0:19:32]} 8. h3 {[%clk 0:16:53]} Bf5 {[%clk 0:18:42]} 9. b3
{[%clk 0:15:06]} a6 {[%clk 0:18:01]} 10. Bb2 {[%clk 0:14:20]} Qc7
{[%clk 0:17:16]} 11. d5 {[%clk 0:11:37]} Na7 {[%clk 0:17:05]} 12. Bd3
{[%clk 0:09:57]} Bxd3 {[%clk 0:15:09]} 13. Qxd3 {[%clk 0:10:05]} Rab8
{[%clk 0:15:07]} 14. a4 {[%clk 0:09:01]} e5 {[%clk 0:13:40]} 15. e4
{[%clk 0:07:08]} Nd7 {[%clk 0:12:57]} 16. Nd2 {[%clk 0:07:15]} f5
{[%clk 0:12:40]} 17. Rab1 {[%clk 0:06:20]} f4 {[%clk 0:12:05]} 18. Nf3
{[%clk 0:04:21]} h6 {[%clk 0:10:36]} 19. Qe2 {[%clk 0:03:46]} Qd8
{[%clk 0:10:30]} 20. g3 {[%clk 0:02:51]} g5 {[%clk 0:09:21]} 21. g4
{[%clk 0:02:14]} Qf6 {[%clk 0:09:14]} 22. Kg2 {[%clk 0:02:21]} Kf7
{[%clk 0:09:00]} 23. Nh2 {[%clk 0:02:07]} Rh8 {[%clk 0:08:40]} 24. Rh1
{[%clk 0:01:58]} Rh7 {[%clk 0:08:08]} 25. Nf3 {[%clk 0:01:42]} Rbh8
{[%clk 0:08:15]} 26. Rh2 {[%clk 0:01:40]} h5 {[%clk 0:08:07]} 27. Rbh1
{[%clk 0:01:37]} Qg6 {[%clk 0:08:16]} 28. Bc1 {[%clk 0:01:19]} Nf6
{[%clk 0:08:22]} 29. Nd2 {[%clk 0:01:15]} Rh6 {[%clk 0:07:18]} 30. Nf1
{[%clk 0:00:59]} Nc8 {[%clk 0:06:24]} 31. f3 {[%clk 0:01:04]} Ne7
{[%clk 0:06:00]} 32. Bd2 {[%clk 0:01:10]} hxg4 {[%clk 0:04:33]} 33. hxg4
{[%clk 0:01:18]} Rxh2+ {[%clk 0:02:44]} 34. Rxh2 {[%clk 0:01:27]} Rxh2+
{[%clk 0:02:21]} 35. Nxh2 {[%clk 0:01:35]} Qh7 {[%clk 0:02:04]} 36. Be1
{[%clk 0:01:39]} Ng6 {[%clk 0:02:12]} 37. Bf2 {[%clk 0:01:24]} Qg8
{[%clk 0:01:57]} 38. Qe1 {[%clk 0:01:14]} Qd8 {[%clk 0:01:56]} 39. Ne2
{[%clk 0:01:03]} Qb6 {[%clk 0:02:03]} 40. Qc3 {[%clk 0:01:05]} Bf8
{[%clk 0:01:48]} 41. Nc1 {[%clk 0:00:58]} Be7 {[%clk 0:01:53]} 42. Nd3
{[%clk 0:01:02]} a5 {[%clk 0:01:30]} 43. Be1 {[%clk 0:01:05]} Bd8
{[%clk 0:01:40]} 44. Nf1 {[%clk 0:01:01]} Nd7 {[%clk 0:01:30]} 45. Nd2
{[%clk 0:00:45]} Nb8 {[%clk 0:01:33]} 46. Nb1 {[%clk 0:00:50]} Na6
{[%clk 0:01:32]} 47. Kh2 {[%clk 0:00:39]} Kf6 {[%clk 0:01:12]} 48. Kg2
{[%clk 0:00:46]} Qc7 {[%clk 0:01:18]} 49. Qc2 {[%clk 0:00:41]} Qh7
{[%clk 0:01:14]} 50. Qe2 {[%clk 0:00:46]} Nh4+ {[%clk 0:01:10]} 51. Kg1
{[%clk 0:00:34]} Ng6 {[%clk 0:00:53]} 52. Qg2 {[%clk 0:00:39]} Nh4
{[%clk 0:00:54]} 53. Qe2 {[%clk 0:00:46]} Nb4 {[%clk 0:00:59]} 54. Nxb4
{[%clk 0:00:50]} axb4 {[%clk 0:00:55]} 55. Nd2 {[%clk 0:00:58]} 1/2-1/2

[Event "MESRRK"]
[Site "?"]
[Date "2018.05.26"]
[Round "3.4"]
[White "Kovalskyi, Roman"]
[Black "Juchelka, Marek"]
[Result "1/2-1/2"]
[BlackElo "1388"]
[WhiteElo "1610"]
[LiveChessVersion "1.4.8"]

1. e4 {[%clk 0:20:19]} c5 {[%clk 0:20:19]} 2. d4 {[%clk 0:20:28]} cxd4
{[%clk 0:20:27]} 3. c3 {[%clk 0:20:37]} d6 {[%clk 0:20:26]} 4. cxd4
{[%clk 0:20:44]} g6 {[%clk 0:20:34]} 5. Nc3 {[%clk 0:20:45]} Bg7 {[%clk 0:20:40]}
6. Nf3 {[%clk 0:20:43]} Nf6 {[%clk 0:20:49]} 7. Bc4 {[%clk 0:20:42]} Nc6
{[%clk 0:20:52]} 8. O-O {[%clk 0:20:46]} O-O {[%clk 0:20:59]} 9. Bf4
{[%clk 0:20:24]} Bg4 {[%clk 0:20:45]} 10. Be2 {[%clk 0:19:24]} Qb6
{[%clk 0:20:29]} 11. d5 {[%clk 0:16:45]} Bxf3 {[%clk 0:20:04]} 12. Bxf3
{[%clk 0:16:36]} Nd4 {[%clk 0:20:00]} 13. Na4 {[%clk 0:15:58]} Nxf3+
{[%clk 0:19:53]} 14. Qxf3 {[%clk 0:16:06]} Qb4 {[%clk 0:19:59]} 15. Nc3
{[%clk 0:15:42]} Nh5 {[%clk 0:17:42]} 16. Bc1 {[%clk 0:13:49]} Rac8
{[%clk 0:16:50]} 17. Nd1 {[%clk 0:10:49]} Nf6 {[%clk 0:13:36]} 18. Nc3
{[%clk 0:10:07]} Nh5 {[%clk 0:13:38]} 19. Nd1 {[%clk 0:09:29]} Nf6
{[%clk 0:12:43]} 1/2-1/2

[Event "MESRRK"]
[Site "?"]
[Date "2018.05.26"]
[Round "3.5"]
[White "Sulcova, Tereza"]
[Black "Stevik, Patrik"]
[Result "0-1"]
[BlackElo "1609"]
[WhiteElo "1302"]
[LiveChessVersion "1.4.8"]

1. e4 {[%clk 0:20:17]} c5 {[%clk 0:20:20]} 2. Nf3 {[%clk 0:20:21]} d6
{[%clk 0:20:29]} 3. d4 {[%clk 0:20:28]} cxd4 {[%clk 0:20:39]} 4. Nxd4
{[%clk 0:20:36]} Nf6 {[%clk 0:20:48]} 5. Nc3 {[%clk 0:20:42]} Nc6
{[%clk 0:20:57]} 6. Be3 {[%clk 0:20:45]} a6 {[%clk 0:21:05]} 7. Qd2
{[%clk 0:20:50]} Bd7 {[%clk 0:21:12]} 8. h3 {[%clk 0:20:53]} h5 {[%clk 0:21:17]}
9. f3 {[%clk 0:20:49]} Qc7 {[%clk 0:21:20]} 10. Be2 {[%clk 0:20:31]} b5
{[%clk 0:21:19]} 11. O-O-O {[%clk 0:19:27]} Rc8 {[%clk 0:21:18]} 12. g4
{[%clk 0:19:32]} b4 {[%clk 0:21:06]} 13. Nd5 {[%clk 0:19:37]} Nxd5
{[%clk 0:21:10]} 14. exd5 {[%clk 0:19:45]} Nxd4 {[%clk 0:21:19]} 15. Bxd4
{[%clk 0:19:48]} Qa5 {[%clk 0:21:08]} 16. a3 {[%clk 0:19:05]} Qa4
{[%clk 0:21:02]} 17. c3 {[%clk 0:15:25]} bxa3 {[%clk 0:21:04]} 18. bxa3
{[%clk 0:15:32]} Qxa3+ {[%clk 0:21:12]} 19. Qb2 {[%clk 0:15:23]} Qxb2+
{[%clk 0:21:09]} 20. Kxb2 {[%clk 0:15:30]} Rb8+ {[%clk 0:21:17]} 21. Kc2
{[%clk 0:15:37]} Ba4+ {[%clk 0:21:21]} 22. Kd2 {[%clk 0:15:42]} Rb2+
{[%clk 0:21:19]} 23. Ke3 {[%clk 0:15:30]} Bxd1 {[%clk 0:21:26]} 24. Rxd1
{[%clk 0:15:36]} hxg4 {[%clk 0:21:33]} 25. hxg4 {[%clk 0:15:23]} Ra2
{[%clk 0:21:29]} 26. Rb1 {[%clk 0:15:20]} f6 {[%clk 0:21:37]} 27. Rb6
{[%clk 0:15:16]} a5 {[%clk 0:21:33]} 28. Ra6 {[%clk 0:15:14]} Rh1
{[%clk 0:21:34]} 29. Bb5+ {[%clk 0:14:43]} Kf7 {[%clk 0:21:39]} 30. Bd7
{[%clk 0:14:35]} Re1+ {[%clk 0:21:38]} 31. Kf4 {[%clk 0:14:41]} g6
{[%clk 0:21:33]} 32. Be6+ {[%clk 0:14:40]} Rxe6 {[%clk 0:21:30]} 33. dxe6+
{[%clk 0:14:47]} Kxe6 {[%clk 0:21:38]} 34. Bb6 {[%clk 0:14:31]} Bh6+
{[%clk 0:21:44]} 35. Ke4 {[%clk 0:14:34]} a4 {[%clk 0:21:48]} 36. Bc5
{[%clk 0:14:34]} f5+ {[%clk 0:21:51]} 37. gxf5+ {[%clk 0:14:35]} gxf5+
{[%clk 0:21:59]} 38. Kd3 {[%clk 0:14:43]} Rd2+ {[%clk 0:22:00]} 39. Kc4
{[%clk 0:14:44]} Bg7 {[%clk 0:21:53]} 40. Bb4 {[%clk 0:14:29]} Rf2
{[%clk 0:21:49]} 41. Rxa4 {[%clk 0:14:26]} Rxf3 {[%clk 0:21:48]} 42. Ra2
{[%clk 0:14:29]} Re3 {[%clk 0:21:40]} 43. Rf2 {[%clk 0:14:19]} Be5
{[%clk 0:21:39]} 44. Rg2 {[%clk 0:14:08]} Rg3 {[%clk 0:21:47]} 45. Re2
{[%clk 0:14:12]} f4 {[%clk 0:21:55]} 46. Kb3 {[%clk 0:13:31]} Kf5
{[%clk 0:21:50]} 47. Kc2 {[%clk 0:13:28]} f3 {[%clk 0:21:58]} 48. Rf2
{[%clk 0:13:34]} Ke4 {[%clk 0:22:07]} 49. Kd2 {[%clk 0:13:35]} Rg2
{[%clk 0:22:16]} 50. Rxg2 {[%clk 0:13:33]} fxg2 {[%clk 0:22:23]} 51. Kc2
{[%clk 0:13:27]} g1=Q {[%clk 0:22:29]} 52. Kb3 {[%clk 0:13:32]} Qb6
{[%clk 0:22:38]} 53. Kc2 {[%clk 0:13:39]} e6 {[%clk 0:22:47]} 54. Kd2
{[%clk 0:13:38]} d5 {[%clk 0:22:56]} 55. Kc2 {[%clk 0:13:46]} d4 {[%clk 0:23:06]}
56. Kd2 {[%clk 0:13:49]} dxc3+ {[%clk 0:23:13]} 57. Bxc3 {[%clk 0:13:57]} Qf2+
{[%clk 0:23:19]} 58. Kd1 {[%clk 0:14:01]} Bxc3 {[%clk 0:23:26]} 59. Kc1
{[%clk 0:14:09]} Qd2+ {[%clk 0:23:32]} 60. Kb1 {[%clk 0:14:18]} Qb2#
{[%clk 0:23:40]} 0-1

[Event "MESRRK"]
[Site "?"]
[Date "2018.05.26"]
[Round "3.6"]
[White "Domanskiy, Mykola"]
[Black "Janik, Marek Tobias"]
[Result "1-0"]
[BlackElo "1288"]
[WhiteElo "1598"]
[LiveChessVersion "1.4.8"]

1. e4 {[%clk 0:20:18]} e6 {[%clk 0:20:11]} 2. d4 {[%clk 0:20:27]} d5
{[%clk 0:20:20]} 3. Nd2 {[%clk 0:20:35]} c5 {[%clk 0:20:28]} 4. Ngf3
{[%clk 0:20:42]} Nc6 {[%clk 0:20:33]} 5. c3 {[%clk 0:20:51]} dxe4
{[%clk 0:17:32]} 6. Nxe4 {[%clk 0:20:59]} cxd4 {[%clk 0:17:38]} 7. cxd4
{[%clk 0:21:07]} Be7 {[%clk 0:17:34]} 8. Bb5 {[%clk 0:21:00]} Nf6
{[%clk 0:16:19]} 9. Nc3 {[%clk 0:20:52]} O-O {[%clk 0:16:20]} 10. O-O
{[%clk 0:21:00]} Bd7 {[%clk 0:16:13]} 11. Bf4 {[%clk 0:20:43]} Nb4
{[%clk 0:13:58]} 12. Bxd7 Qxd7 {[%clk 0:13:30]} 13. Ne5 {[%clk 0:20:31]} Qd8
{[%clk 0:13:24]} 14. a3 {[%clk 0:19:40]} Nbd5 {[%clk 0:13:20]} 15. Nxd5
{[%clk 0:18:50]} Nxd5 {[%clk 0:13:23]} 16. Bg3 {[%clk 0:19:00]} f6
{[%clk 0:12:59]} 17. Nf3 {[%clk 0:18:33]} Bd6 {[%clk 0:12:58]} 18. Qe2
{[%clk 0:18:42]} Re8 {[%clk 0:12:57]} 19. Rfe1 {[%clk 0:18:07]} Bxg3
{[%clk 0:12:31]} 20. hxg3 {[%clk 0:18:15]} Qd7 {[%clk 0:12:24]} 21. Nd2
{[%clk 0:17:10]} e5 {[%clk 0:12:02]} 22. Qc4 {[%clk 0:16:49]} Rac8
{[%clk 0:11:38]} 23. Qb3 {[%clk 0:16:59]} exd4 {[%clk 0:11:28]} 24. Nf3
{[%clk 0:16:47]} Kh8 {[%clk 0:10:57]} 25. Nxd4 {[%clk 0:16:50]} Nb6
{[%clk 0:10:59]} 26. Nb5 {[%clk 0:16:06]} a6 {[%clk 0:10:53]} 27. Nc3
{[%clk 0:16:14]} Rxe1+ {[%clk 0:08:59]} 28. Rxe1 Nc4 {[%clk 0:08:56]} 29. Rd1
{[%clk 0:16:32]} Qf7 {[%clk 0:07:38]} 30. Na4 {[%clk 0:14:50]} Kg8
{[%clk 0:06:18]} 31. Nc5 {[%clk 0:13:02]} g6 {[%clk 0:03:31]} 32. Rd7
{[%clk 0:12:22]} Qe8 {[%clk 0:02:42]} 33. Qxc4+ {[%clk 0:12:31]} Kh8
{[%clk 0:02:31]} 34. Qd4 {[%clk 0:11:55]} Qf8 {[%clk 0:02:12]} 35. Ne6
{[%clk 0:11:43]} 1-0

[Event "MESRRK"]
[Site "?"]
[Date "2018.05.26"]
[Round "3.7"]
[White "Rakovsky, Jakub"]
[Black "Lovcican, Tomas"]
[Result "1-0"]
[BlackElo "1547"]
[WhiteElo "1114"]
[LiveChessVersion "1.4.8"]

1. e4 {[%clk 0:20:16]} c5 {[%clk 0:20:15]} 2. Nf3 {[%clk 0:20:21]} Nc6
{[%clk 0:20:23]} 3. d4 {[%clk 0:20:27]} cxd4 {[%clk 0:20:31]} 4. Nxd4
{[%clk 0:20:34]} g6 {[%clk 0:20:24]} 5. b3 {[%clk 0:20:03]} Bg7 {[%clk 0:20:05]}
6. Bb2 {[%clk 0:20:12]} Nf6 {[%clk 0:20:13]} 7. Bd3 {[%clk 0:18:52]} d6
{[%clk 0:20:11]} 8. Nxc6 {[%clk 0:18:14]} bxc6 {[%clk 0:20:17]} 9. Nc3
{[%clk 0:18:20]} O-O {[%clk 0:20:17]} 10. O-O {[%clk 0:18:14]} Bb7
{[%clk 0:19:44]} 11. Qe2 {[%clk 0:18:02]} Nd7 {[%clk 0:17:34]} 12. Rfe1
{[%clk 0:17:23]} Ne5 {[%clk 0:16:01]} 13. Rad1 {[%clk 0:17:05]} Nxd3 14. cxd3
{[%clk 0:16:19]} Qc7 {[%clk 0:13:15]} 15. Qc2 {[%clk 0:15:03]} Rac8
{[%clk 0:12:52]} 16. Qb1 {[%clk 0:14:33]} Rfd8 {[%clk 0:11:19]} 17. Rc1
{[%clk 0:14:17]} Qd7 {[%clk 0:11:28]} 18. Qa1 {[%clk 0:14:04]} d5
{[%clk 0:10:26]} 19. Rcd1 {[%clk 0:11:17]} e6 {[%clk 0:07:31]} 20. e5
{[%clk 0:10:23]} Qc7 {[%clk 0:06:22]} 21. d4 {[%clk 0:10:21]} a6 {[%clk 0:05:57]}
22. Na4 {[%clk 0:09:38]} Bf8 {[%clk 0:05:44]} 23. Rc1 {[%clk 0:09:12]} a5
{[%clk 0:03:41]} 24. Nc5 {[%clk 0:09:04]} Bxc5 {[%clk 0:03:50]} 25. Rxc5
{[%clk 0:08:51]} Ra8 {[%clk 0:02:50]} 26. h3 {[%clk 0:07:32]} a4 {[%clk 0:02:50]}
27. Qc1 {[%clk 0:07:24]} axb3 {[%clk 0:02:08]} 28. axb3 {[%clk 0:07:32]} Ra5
{[%clk 0:01:43]} 29. Qg5 {[%clk 0:06:27]} Rxc5 {[%clk 0:01:38]} 30. dxc5
{[%clk 0:06:36]} Re8 {[%clk 0:01:28]} 31. Qf6 {[%clk 0:06:36]} Qe7
{[%clk 0:01:36]} 32. Qf4 {[%clk 0:05:08]} Qxc5 {[%clk 0:01:24]} 33. Re3
{[%clk 0:04:57]} Qe7 {[%clk 0:00:47]} 34. Rf3 {[%clk 0:04:43]} Ra8
{[%clk 0:00:36]} 35. Bd4 {[%clk 0:03:35]} c5 {[%clk 0:00:44]} 36. Bxc5
{[%clk 0:03:18]} Qd7 {[%clk 0:00:31]} 37. Qf6 {[%clk 0:03:15]} Rc8
{[%clk 0:00:24]} 38. Be3 {[%clk 0:03:08]} Qd8 {[%clk 0:00:33]} 39. Qxf7+
{[%clk 0:03:15]} 1-0

[Event "MESRRK"]
[Site "?"]
[Date "2018.05.26"]
[Round "3.8"]
[White "Sustek, Adam"]
[Black "Zumrik, Lukas"]
[Result "1/2-1/2"]
[BlackElo "1440"]
[WhiteElo "1448"]
[LiveChessVersion "1.4.8"]

1. c4 {[%clk 0:20:13]} c6 {[%clk 0:20:19]} 2. Nc3 {[%clk 0:19:16]} d5
{[%clk 0:20:27]} 3. cxd5 {[%clk 0:17:58]} cxd5 {[%clk 0:20:35]} 4. e3
{[%clk 0:17:33]} Nc6 {[%clk 0:20:21]} 5. d4 {[%clk 0:16:32]} e6 {[%clk 0:19:57]}
6. Nf3 {[%clk 0:15:41]} a6 {[%clk 0:19:23]} 7. a3 {[%clk 0:14:28]} Nf6
{[%clk 0:19:30]} 8. Bd3 {[%clk 0:14:31]} Bd6 {[%clk 0:18:50]} 9. Bd2
{[%clk 0:14:19]} O-O {[%clk 0:18:44]} 10. O-O {[%clk 0:14:27]} Bd7
{[%clk 0:18:27]} 11. Rc1 {[%clk 0:14:09]} Rc8 {[%clk 0:18:21]} 1/2-1/2

[Event "MESRRK"]
[Site "?"]
[Date "2018.05.26"]
[Round "3.9"]
[White "Trasakova, Adela"]
[Black "Kanak, Matyas"]
[Result "1-0"]
[BlackElo "1468"]
[WhiteElo "1266"]
[LiveChessVersion "1.4.8"]

1. d4 {[%clk 0:20:17]} Nf6 {[%clk 0:20:20]} 2. Bf4 {[%clk 0:20:24]} e6
{[%clk 0:20:28]} 3. Nd2 {[%clk 0:20:17]} d5 {[%clk 0:19:55]} 4. e3
{[%clk 0:20:08]} Nbd7 {[%clk 0:19:49]} 5. Ngf3 {[%clk 0:19:58]} c5
{[%clk 0:19:37]} 6. c3 {[%clk 0:20:03]} Be7 {[%clk 0:19:40]} 7. h3
{[%clk 0:20:08]} O-O {[%clk 0:19:32]} 8. Bd3 {[%clk 0:20:09]} Re8
{[%clk 0:19:06]} 9. O-O {[%clk 0:20:11]} b6 {[%clk 0:18:23]} 10. e4
{[%clk 0:19:06]} dxe4 {[%clk 0:17:34]} 11. Nxe4 {[%clk 0:19:05]} Bb7
{[%clk 0:17:43]} 12. Nd6 {[%clk 0:18:10]} Bxd6 {[%clk 0:17:51]} 13. Bxd6
{[%clk 0:18:18]} cxd4 {[%clk 0:16:45]} 14. Nxd4 {[%clk 0:16:57]} Nf8
{[%clk 0:15:15]} 15. Bh2 {[%clk 0:15:13]} Qd5 {[%clk 0:15:08]} 16. f3
{[%clk 0:14:18]} Rad8 {[%clk 0:09:33]} 17. Bc2 {[%clk 0:10:34]} Qc5
{[%clk 0:08:45]} 18. f4 {[%clk 0:09:14]} Qd5 {[%clk 0:08:29]} 19. Qe2
{[%clk 0:07:43]} Ng6 {[%clk 0:05:01]} 20. Bb3 {[%clk 0:06:52]} Qc5
{[%clk 0:04:36]} 21. Kh1 {[%clk 0:05:01]} e5 {[%clk 0:04:38]} 22. fxe5
{[%clk 0:04:50]} Nxe5 {[%clk 0:04:46]} 23. Bxe5 {[%clk 0:04:09]} Rxe5
{[%clk 0:04:55]} 24. Qf2 {[%clk 0:03:32]} Rde8 {[%clk 0:04:02]} 25. Rae1
{[%clk 0:03:01]} h6 {[%clk 0:02:01]} 26. Rxe5 {[%clk 0:02:17]} Qxe5
{[%clk 0:01:36]} 27. Nf5 {[%clk 0:01:22]} 1-0

[Event "MESRRK"]
[Site "?"]
[Date "2018.05.26"]
[Round "3.10"]
[White "Kapicakova, Lucia"]
[Black "Gyori, Samuel"]
[Result "1-0"]
[BlackElo "1229"]
[WhiteElo "1403"]
[LiveChessVersion "1.4.8"]

1. Nf3 {[%clk 0:20:16]} Nc6 {[%clk 0:20:14]} 2. g3 {[%clk 0:20:23]} Nf6
{[%clk 0:20:15]} 3. Bg2 {[%clk 0:20:28]} e5 {[%clk 0:20:15]} 4. d3
{[%clk 0:20:26]} d5 {[%clk 0:20:15]} 5. O-O {[%clk 0:20:15]} Bc5 {[%clk 0:19:11]}
6. Nbd2 {[%clk 0:19:56]} O-O {[%clk 0:19:13]} 7. e4 {[%clk 0:19:47]} dxe4
{[%clk 0:18:37]} 8. dxe4 {[%clk 0:19:43]} Bg4 {[%clk 0:18:25]} 9. h3
{[%clk 0:19:20]} Bh5 {[%clk 0:18:03]} 10. Qe1 {[%clk 0:16:58]} Qd7
{[%clk 0:17:47]} 11. Kh2 {[%clk 0:16:27]} Bxf3 {[%clk 0:17:19]} 12. Nxf3
{[%clk 0:15:56]} h6 {[%clk 0:16:11]} 13. b3 {[%clk 0:15:20]} Rfe8
{[%clk 0:15:40]} 14. Bb2 {[%clk 0:15:18]} Nb4 {[%clk 0:15:05]} 15. Qe2
{[%clk 0:14:32]} Bd6 {[%clk 0:13:56]} 16. a3 {[%clk 0:14:06]} Nc6
{[%clk 0:13:46]} 17. Rfd1 {[%clk 0:13:46]} Qe6 {[%clk 0:12:23]} 18. Rd2
{[%clk 0:12:55]} Nd7 {[%clk 0:10:43]} 19. Rad1 {[%clk 0:11:58]} f6
{[%clk 0:10:43]} 20. Nh4 {[%clk 0:11:04]} Rad8 {[%clk 0:10:05]} 21. Nf5
{[%clk 0:10:37]} Nc5 {[%clk 0:09:35]} 22. Qg4 {[%clk 0:10:07]} Rd7
{[%clk 0:06:39]} 23. Nxh6+ {[%clk 0:09:53]} Kh7 {[%clk 0:06:37]} 24. Qxe6
{[%clk 0:09:35]} Rxe6 {[%clk 0:06:45]} 25. Nf5 {[%clk 0:09:23]} g6
{[%clk 0:06:11]} 26. Nxd6 {[%clk 0:08:36]} cxd6 {[%clk 0:06:16]} 27. a4
{[%clk 0:08:01]} a6 {[%clk 0:05:32]} 28. h4 {[%clk 0:07:09]} f5 {[%clk 0:05:28]}
29. exf5 {[%clk 0:06:50]} gxf5 {[%clk 0:05:36]} 30. Bd5 {[%clk 0:06:35]} Rf6
{[%clk 0:05:42]} 31. Bxc6 {[%clk 0:06:19]} bxc6 {[%clk 0:05:50]} 32. Bxe5
{[%clk 0:05:39]} dxe5 {[%clk 0:05:58]} 33. Rxd7+ {[%clk 0:05:37]} Nxd7
{[%clk 0:06:06]} 34. Rxd7+ {[%clk 0:05:42]} Kg6 {[%clk 0:06:15]} 35. Ra7
{[%clk 0:05:13]} f4 {[%clk 0:05:57]} 36. g4 {[%clk 0:04:46]} f3 {[%clk 0:06:01]}
37. Rxa6 {[%clk 0:04:49]} Rf4 {[%clk 0:06:07]} 38. Rxc6+ {[%clk 0:04:49]} Kf7
{[%clk 0:06:16]} 39. Kg3 {[%clk 0:04:51]} Kg7 {[%clk 0:06:12]} 40. a5
{[%clk 0:04:36]} Rf7 {[%clk 0:06:08]} 41. a6 {[%clk 0:04:36]} e4 {[%clk 0:06:12]}
42. Re6 {[%clk 0:04:20]} Ra7 {[%clk 0:06:13]} 43. b4 {[%clk 0:04:04]} Kf7
{[%clk 0:06:22]} 44. Rh6 {[%clk 0:04:02]} Kg7 {[%clk 0:06:31]} 45. Rb6
{[%clk 0:03:58]} Kf8 {[%clk 0:06:35]} 46. b5 {[%clk 0:03:54]} Rc7
{[%clk 0:06:39]} 47. Rc6 {[%clk 0:03:30]} Ra7 {[%clk 0:06:48]} 48. b6
{[%clk 0:03:29]} Rxa6 {[%clk 0:06:57]} 49. Rc8+ {[%clk 0:03:28]} Ke7
{[%clk 0:07:06]} 50. b7 {[%clk 0:03:35]} Ra2 {[%clk 0:07:13]} 51. b8=Q
{[%clk 0:03:34]} Ke6 {[%clk 0:07:12]} 52. Qb3+ {[%clk 0:03:39]} Kd7
{[%clk 0:07:20]} 53. Qxa2 {[%clk 0:03:44]} Kxc8 {[%clk 0:07:29]} 54. Kf4
{[%clk 0:03:49]} Kd7 {[%clk 0:07:38]} 55. Ke5 {[%clk 0:03:55]} Ke7
{[%clk 0:07:47]} 56. Qa7+ {[%clk 0:04:01]} Kd8 {[%clk 0:07:55]} 57. Kd6
{[%clk 0:04:08]} Ke8 {[%clk 0:08:04]} 58. Qe7# {[%clk 0:04:16]} 1-0